| 000 | 00453nam a2200193Ia 4500 | ||
|---|---|---|---|
| 005 | 20250423094504.0 | ||
| 008 | 250422s9999 xx 000 0 und d | ||
| 020 | _a9788131717400 | ||
| 050 | _aQA 297 .G47/ | ||
| 100 | _aCurtis, F. Gerald | ||
| 245 | 0 | _aApplied numerical analysis | |
| 250 | _a7th ed. | ||
| 260 | _aNew Delhi | ||
| 260 | _bPeatrson Education; Inc | ||
| 260 | _c2004 | ||
| 300 | _a609 p | ||
| 650 | _aMathematics | ||
| 942 | _cBK | ||
| 999 |
_c27383 _d27383 |
||